000 00487nam a2200217Ia 4500
003 0100
008 130307s9999 xx 000 0 und d
020 _a0826410278
040 _cARRUPELIB
050 _aBV800.M28 1997
100 _aMacquarrie, John
245 2 _aA guide to the sacraments
260 _aNew York :
260 _bContinuum
260 _c1997.
300 _aviii
300 _b245 p. 22 cm.
650 _aTHEOLOGY
650 _bConduct of life
942 0 0 _02
999 _c97461
_d97461